|
|
|
|
| LEADER |
02570nam a2200421 a 4500 |
| 001 |
17073 |
| 003 |
BD-DhAAL |
| 008 |
090617s2008 ohuab 001 0 eng d |
| 010 |
|
|
|a 2007926100
|
| 020 |
|
|
|a 9780324568196 (Student ed. PKG)
|
| 020 |
|
|
|a 0324568193 (Student ed. PKG)
|
| 020 |
|
|
|a 9780324568202 (Student ed.)
|
| 020 |
|
|
|a 0324568207 (Student ed.)
|
| 020 |
|
|
|a 9780324654745 (Instructor's ed.)
|
| 040 |
|
|
|a DLC
|c DLC
|d BD-DhAAL
|
| 082 |
0 |
0 |
|a 658.1599
|2 22
|
| 100 |
1 |
|
|a Madura, Jeff.
|
| 245 |
1 |
0 |
|a International financial management /
|c Jeff Madura.
|
| 250 |
|
|
|a Ninth edition.
|
| 260 |
|
|
|a Mason, OH :
|b Thomson/South-Western,
|c c2008.
|
| 300 |
|
|
|a xxv, 673 pages :
|b illustrations (some col.), col. maps ;
|c 27 cm
|
| 504 |
|
|
|a Includes index.
|
| 526 |
|
|
|a BBS
|x Mr. Anup Chowdhury,
Faculty member of BRAC Business School
|
| 541 |
1 |
|
|e 17073
|a Essence Science Publications
|
| 650 |
|
0 |
|a International finance.
|
| 650 |
|
0 |
|a Foreign exchange.
|
| 650 |
|
0 |
|a Asset-liability management.
|
| 650 |
|
0 |
|a Banks and banking, International.
|
| 650 |
|
0 |
|a International business enterprises
|x Finance.
|
| 852 |
4 |
|
|a Ayesha Abed Library
|c General Stacks
|
| 942 |
0 |
0 |
|0 2
|2 ddc
|c BK
|
| 999 |
|
|
|c 1751
|d 1751
|
| 952 |
|
|
|0 0
|1 0
|2 ddc
|4 0
|6 658_159900000000000_MAD_2008
|7 0
|9 1602
|a BRACUL
|b BRACUL
|c GEN
|d 2009-06-29
|e Essence Science Publications
|g 10950.00
|l 18
|m 106
|o 658.1599 MAD
|p 3010017073
|r 2025-11-02
|s 2025-10-15
|t 1
|w 2009-06-29
|y BK
|x Requisitioned by Mr. Anup Chowdhury, Faculty member of BRAC Business School.
|
| 952 |
|
|
|0 0
|1 0
|2 ddc
|4 0
|6 658_159900000000000_MAD
|7 0
|9 19409
|a BRACUL
|b BRACUL
|c GEN
|d 2012-02-12
|e Paragon Enterprises Ltd.
|g 13900.00
|l 13
|m 146
|o 658.1599 MAD
|p 3010024478
|r 2026-02-02
|s 2025-10-22
|t 2
|w 2012-02-12
|y BK
|
| 952 |
|
|
|0 0
|1 0
|2 ddc
|4 0
|6 658_159900000000000_MAD
|7 0
|9 19410
|a BRACUL
|b BRACUL
|c GEN
|d 2012-02-12
|e Paragon Enterprises Ltd.
|g 13900.00
|l 25
|m 184
|o 658.1599 MAD
|p 3010024479
|r 2025-09-15
|s 2025-07-23
|t 3
|w 2012-02-12
|y BK
|
| 952 |
|
|
|0 0
|1 0
|2 ddc
|4 0
|6 658_159900000000000_MAD
|7 0
|9 19411
|a BRACUL
|b BRACUL
|c GEN
|d 2012-02-12
|e Paragon Enterprises Ltd.
|g 13900.00
|l 22
|m 119
|o 658.1599 MAD
|p 3010024480
|r 2025-10-25
|s 2024-03-31
|t 4
|w 2012-02-12
|y BK
|
| 952 |
|
|
|0 0
|1 0
|2 ddc
|4 0
|6 658_159900000000000_MAD
|7 0
|9 19412
|a BRACUL
|b BRACUL
|c GEN
|d 2012-02-12
|e Paragon Enterprises Ltd.
|g 13900.00
|l 20
|m 142
|o 658.1599 MAD
|p 3010024481
|r 2025-12-23
|s 2025-10-08
|t 5
|w 2012-02-12
|y BK
|
| 952 |
|
|
|0 0
|1 0
|2 ddc
|4 0
|6 658_159900000000000_MAD
|7 0
|9 19413
|a BRACUL
|b BRACUL
|c GEN
|d 2012-02-12
|e Paragon Enterprises Ltd.
|g 13900.00
|l 14
|m 127
|o 658.1599 MAD
|p 3010024482
|q 2026-05-21
|r 2026-03-08
|s 2026-03-08
|t 6
|w 2012-02-12
|y BK
|